000 00836nac a22002657a 4500
001 BR9002094
003 BR-BrBNA
005 20240105121120.0
008 230509b bl.|||m| |||| 00| 0 por d
040 _aBR-BrBNA
_bpor
_cBiblioteca Nacional de Agricultura
072 _aF08
090 _a1950 BR9002094
100 1 _aPeres, R.M.
110 1 _aInstituto de Zootecnia, Nova Odessa, SP (Brasil)
_96281
245 1 _aPersistencia de leguminosas em pastagens consorciadas tropicais
260 3 _aNova Odessa, SP (Brasil):
_c1988.
300 _a26 p.
490 _aBoletim Tecnico - Instituto de Zootecnia (Brazil)
_vno. 27
_xISSN 0374-8510
500 _a39 ref.
650 _aLEGUMINOSA
650 _aPASTAGEM
650 _aCONSORCIACAO DE CULTURA
909 _a202312
_bLúcia Elande
_c55
_dLúcia Elande
942 _2AGRIS
_n0
_cMS
999 _c283377
_d283377